La vie de ... John Fitzgerald Kennedy - Statistiques

Statistiques générales
  • Ce quiz a été pris 139 fois
  • Le résultat moyen est 10 sur 14
Statistiques - réponses
Question Réponse % Correct
En quelle année est-il mort ? 1963
96%
Dans quelle ville a-t-il été assassiné ? Dallas
92%
Quel chef d'état voulait-il renverser, notamment avec le débarquement de la baie des Cochons ? Fidel Castro
85%
Qui chanta pour lui "happy birthday, Mr President" ? Marylin Monroe
83%
Complétez sa célèbre phrase lors d'un discours en RDA : "Ich bin..." ein Berliner
82%
Comment se nomme son assassin présumé? Lee Harvey Oswald
77%
Quel programme spatial lancé par la NASA annonce-t-il en 1961 ? Apollo
76%
Dans quel pays où la guerre se déroule depuis 1955 accroît-il fortement l'engagement militaire des Etats-Unis? Vietnam
76%
De quel célèbre pasteur a-t-il approuvé la mise sur écoute par le FBI ? Martin Luther King
75%
Contre quel homme politique gagne-t-il l'élection présidentielle en 1960 ? Richard Nixon
65%
Qui était son prédécesseur à la Maison-Blanche ? Dwight D. Eisenhower
62%
Quel était le nom de naissance de sa femme Jackie ? Jacqueline Lee Bouvier
58%
Dans quel Etat des Etats-Unis est-il né et a-t-il été sénateur ? Massachusetts
57%
Quel prix a-t-il gagné en 1957 pour "Profiles of courage" ? Pulitzer
31%
Aucun quiz correspondant
Distribution des résultats
% des personnes avec chaque résultat
Percentile par nombre de réponses
Votre historique - résultats
Vous n’avez pas pris ce quiz